书目信息 |
| 题名: |
解读花粉
|
|
| 作者: | 王宪曾 编著 | |
| 分册: | ||
| 出版信息: | 北京 北京大学出版社 2009 |
|
| 页数: | 117页 | |
| 开本: | 21cm | |
| 丛书名: | ||
| 单 册: | ||
| 中图分类: | Q944.58 | |
| 科图分类: | ||
| 主题词: | 花粉--基本知识 | |
| 电子资源: | ||
| ISBN: | 978-7-301-08834-0 | |
| 000 | 00744nam0 2200229 450 | |
| 001 | 1571206132 | |
| 005 | 20150123211750.62 | |
| 010 | @a978-7-301-08834-0@dCNY18.00 | |
| 100 | @a20091029d2009 em y0chiy50 ea | |
| 101 | 0 | @achi |
| 102 | @aCN@b110000 | |
| 105 | @aa z 000yy | |
| 200 | 1 | @a解读花粉@9jie du hua fen@e普及本@f王宪曾编著 |
| 205 | @a2版 | |
| 210 | @a北京@c北京大学出版社@d2009 | |
| 215 | @a117页@c彩照@d21cm | |
| 330 | @a本书介绍了花粉中所包含的十三类近三百种天然营养成分,对每一种营养成分又作了科学的分析,从而揭示了每一种营养成分保健作用的机理和功效。 | |
| 606 | 0 | @a花粉@x基本知识 |
| 690 | @aQ944.58@v5 | |
| 701 | 0 | @a王宪曾@9wang xian zeng@c(教授)@4编著 |
| 801 | 0 | @aCN@bTSSF@c20150123 |
| 905 | @aZUCC@dQ944.58@eJY44=2 | |
| 解读花粉:普及本/王宪曾编著.-2版.-北京:北京大学出版社,2009 |
| 117页:彩照;21cm |
| ISBN 978-7-301-08834-0:CNY18.00 |
| 本书介绍了花粉中所包含的十三类近三百种天然营养成分,对每一种营养成分又作了科学的分析,从而揭示了每一种营养成分保健作用的机理和功效。 |
| ● |
| 相关链接 |
|
|
|
|
正题名:解读花粉
索取号:Q944.58/JY44=2
 
预约/预借
| 序号 | 登录号 | 条形码 | 馆藏地/架位号 | 状态 | 备注 |
| 1 | 7848093 | 278480939 | 学院路分馆/ [索取号:Q944.58/JY44=2] | 在馆 | |
| 2 | 7848094 | 278480948 | 学院路分馆/ [索取号:Q944.58/JY44=2] | 在馆 |